000 01253nam a22002897a 4500
003 OSt
005 20250529021337.0
008 250325b ||||| |||| 00| 0 eng d
040 _bEnglish.
_cCvSU-CCAT Campus Library.
_erda.
050 _aUM HF 5548.85
_bR63 2003
100 _aRoa, Lina S., author.
_915707
245 _aFactors affecting the instructors'/professors' burnout of the Cavite State University (CvSU), Rosario Campus, S.Y. 2002-2003 /
_cLina S. Roa, Necei L. Nebril, Joel A. Vergara.
260 _aRosario, Cavite :
_bCavite State University-CCAT Campus,
_c2003
300 _axi, 27 leaves :
_billustrations ;
_c28 cm
500 _aUndergraduate Thesis (BSIE)--Cavite State University-CCAT Campus, 2003.
504 _aIncludes bibliographical references and appendices.
546 _aIn English text
650 _aWork-related stress.
_915994
650 _aBurnout factors in teaching.
_915995
650 _aInstructor burnout.
_915996
650 _aProfessor burnout.
_915997
700 _aNebril, Necei L., author.
_915708
700 _aVergara, Joel A., author.
_915709
700 _aLisondra, Remedios G., adviser.
_99972
942 _2lcc
_cT/M/D
_kUM
_hHF 5548.85 R63 2003
999 _c4041
_d4041